000 00562nam a2200181Ia 4500
005 20250423101231.0
008 250422s9999 xx 000 0 und d
020 _a0812212401
050 _aHB 72 .K84/
100 _aKuttner, Robert.
245 4 _aThe Economic illusion : false choices between prosperity and social justice
260 _aPhiladelphia
260 _bUniversity of Pennsylvania Press
260 _c1987
300 _a308 p
650 _aEconomics. Comparative economics. Social justice. Efficiency, Industrial. Welfare state.
942 _cBK
999 _c35693
_d35693